Quiz sur Aliénor d'Aquitaine - Statistiques

Statistiques générales
  • Ce quiz a été pris 40 fois
  • Le résultat moyen est 5 sur 10
Statistiques - réponses
Question Réponse % Correct
Nombre de maris 2
100%
Nom du premier fils ayant régné Richard
92%
Nom du premier Louis VII
86%
Nom du second fils ayant régné Jean
78%
Année de naissance 1122
42%
Année 1204
39%
Grand frère Guillaume X
22%
Petite sœur Pétronille
22%
Lieu de mort Abbaye de Fontevraud
6%
Date de mort (journée) Premier avril
6%
Aucun quiz correspondant
Distribution des résultats
% des personnes avec chaque résultat
Percentile par nombre de réponses
Votre historique - résultats
Vous n’avez pas pris ce quiz